Chemical engineering kinetics (Record no. 6589)

000 -LEADER
fixed length control field 00510nam a2200193 4500
001 - CONTROL NUMBER
control field 6589
003 - CONTROL NUMBER IDENTIFIER
control field BD-DhUET
008 - FIXED-LENGTH DATA ELEMENTS--GENERAL INFORMATION
fixed length control field 700825s1970 nyua b 001 0 eng
040 ## - CATALOGING SOURCE
Transcribing agency 0
Modifying agency BD-DhUET
Original cataloging agency DLC
082 00 - DEWEY DECIMAL CLASSIFICATION NUMBER
Classification number 541.39
Item number SMI/1970
100 ## - MAIN ENTRY--PERSONAL NAME
Personal name Smith, J. M.
245 10 - TITLE STATEMENT
Title Chemical engineering kinetics
250 ## - EDITION STATEMENT
Edition statement 2nd ed.
260 ## - PUBLICATION, DISTRIBUTION, ETC. (IMPRINT)
Place of publication, distribution, etc. New York
Name of publisher, distributor, etc. McGraw-Hill
Date of publication, distribution, etc. 1970
300 ## - PHYSICAL DESCRIPTION
Extent xviii, 612p.
Other physical details ill.
490 0# - SERIES STATEMENT
Series statement McGraw-Hill chemical engineering series
650 #0 - SUBJECT ADDED ENTRY--TOPICAL TERM
Topical term or geographic name as entry element Kinetics : Physical chemistry
942 ## - ADDED ENTRY ELEMENTS (KOHA)
Koha item type General Book
Holdings
Price effective from Koha normalized classification for sorting Damaged status Koha full call number Withdrawn status Sublocation or collection (holding branch) Source of classification or shelving scheme Location (home branch) Piece designation (barcode) Koha date last seen Date acquired Not for loan Lost status Shelving location Koha item type Copy number
2014-12-04541_390000000000000_SMI_1970 541.39/SMI/1970 Central Library, BUET Central Library, BUET845762014-12-042014-12-04  Circulation sectionGeneral Book1
2014-12-12541_390000000000000_SMI_1970 541.39/SMI/1970 Central Library, BUET Central Library, BUET298652014-12-122014-12-12  Circulation sectionGeneral Book2
2014-12-12541_390000000000000_SMI_1970 541.39/SMI/1970 Central Library, BUET Central Library, BUET298672014-12-122014-12-12  Circulation sectionGeneral Book3
2014-12-12541_390000000000000_SMI_1970 541.39/SMI/1970 Central Library, BUET Central Library, BUET298632014-12-122014-12-12  Circulation sectionGeneral Book4
2015-03-11541_390000000000000_SMI_1970 541.39/SMI/1970 Central Library, BUET Central Library, BUET298712015-03-112015-03-11  Circulation sectionGeneral Book5
2015-03-14541_390000000000000_SMI_1970 541.39/SMI/1970 Central Library, BUET Central Library, BUET298682015-03-142015-03-14  Circulation sectionGeneral Book6
2015-03-14541_390000000000000_SMI_1970 541.39/SMI/1970 Central Library, BUET Central Library, BUET370452015-03-142015-03-14  Circulation sectionGeneral Book7
2015-04-23541_390000000000000_SMI_1970 541.39/SMI/1970 Central Library, BUET Central Library, BUET298692015-04-232015-04-23  Circulation sectionGeneral Book8
2015-04-23541_390000000000000_SMI_1970 541.39/SMI/1970 Central Library, BUET Central Library, BUET298592015-04-232015-04-23  Circulation sectionGeneral Book9
2015-04-26541_390000000000000_SMI_1970 541.39/SMI/1970 Central Library, BUET Central Library, BUET298702015-04-262015-04-26  Circulation sectionGeneral Book10
2015-04-26541_390000000000000_SMI_1970 541.39/SMI/1970 Central Library, BUET Central Library, BUET298612015-04-262015-04-26  Circulation sectionGeneral Book11
2015-04-27541_390000000000000_SMI_1970 541.39/SMI/1970 Central Library, BUET Central Library, BUET259672015-04-272015-04-27  Circulation sectionGeneral Book12
2015-04-27541_390000000000000_SMI_1970 541.39/SMI/1970 Central Library, BUET Central Library, BUET298602015-04-272015-04-27  Circulation sectionGeneral Book13
2015-06-08541_390000000000000_SMI_1970 541.39/SMI/1970 Central Library, BUET Central Library, BUET298622015-06-082015-06-08  Reading sectionReading Item14
2015-06-08541_390000000000000_SMI_1970 541.39/SMI/1970 Central Library, BUET Central Library, BUET298662015-06-082015-06-08  Reading sectionReading Item15
2015-06-08541_390000000000000_SMI_1970 541.39/SMI/1970 Central Library, BUET Central Library, BUET298722015-06-082015-06-08  Reading sectionReading Item16
2015-06-08541_390000000000000_SMI_1970 541.39/SMI/1970 Central Library, BUET Central Library, BUET298642015-06-082015-06-08  Reading sectionReading Item17